Computational toxicology : Risk assessment for pharmaceutical and environmental chemicals

Spremljeno u:
Bibliografski detalji
Format: Sách
Jezik:Undetermined
Izdano:  Wiley-Interscience  2007
Teme:
Oznake: Dodaj oznaku
Bez oznaka, Budi prvi tko označuje ovaj zapis!
Thư viện lưu trữ: Trung tâm Thư viện - Trường Đại học Công nghiệp TP. Hồ Chí Minh
LEADER 00472nam a2200133Ia 4500
001 UIH_07539
008 231011s9999 xx 000 0 und d
082 |a  615.9 
245 0 |a  Computational toxicology : Risk assessment for pharmaceutical and environmental chemicals 
260 |b  Wiley-Interscience 
260 |c  2007 
650 |a  Độc chất học;  
927 |a Sách 
980 |a Trung tâm Thư viện - Trường Đại học Công nghiệp TP. Hồ Chí Minh